Mers d'Europe - Carte - Statistiques

Statistiques générales
  • Ce quiz a été pris 269 fois
  • Le résultat moyen est 9 sur 16
Réponses sur la Carte
Les réponses sont colorées sur une échelle allant du rouge au vert en fonction du pourcentage des utilisateurs qui les ont devinées à leur premier essai. Vous pouvez retrouver ces pourcentages ci-dessous.
 
Statistiques - réponses
Réponse % Correct
Manche
94%
Mer du Nord
94%
Mer Noire
91%
Mer Baltique
85%
Mer Adriatique
76%
Mer Egée
76%
Mer d'Irlande
54%
Mer Ionienne
47%
Mer de Norvège
46%
Mer Blanche
41%
Mer Celtique
37%
Mer Tyrrhénienne
37%
Mer d'Azov
33%
Mer des Baléares
29%
Mer de Marmara
25%
Mer de Ligurie
19%
Aucun quiz correspondant
Distribution des résultats
% des personnes avec chaque résultat
Percentile par nombre de réponses
Votre historique - résultats
Vous n’avez pas pris ce quiz